000
00222nam a22000857a 4500
008
161210b xxu||||| |||| 00| 0 eng d
100
_9
1973
_a
Barratt.etal
245
_a
Panchtantra Classic Stories
260
_a
New Delhi
_b
RPB
_c
2003
999
_c
4772
_d
4772